| 000 | 00863nam a2200253 i 4500 | ||
|---|---|---|---|
| 001 | 169869 | ||
| 003 | ES-MaACL | ||
| 005 | 20250829045449.0 | ||
| 008 | 081210s1948 fr |||| | fre d | ||
| 017 | _aNº437, 3e trim.1948 | ||
| 080 | _a27"00/03" | ||
| 100 | 0 |
_aDaniel-Rops. _942631 |
|
| 245 | 1 | 2 |
_aL'Église des apôtres et des martyrs / _cDaniel-Rops. |
| 250 | _a26e éd. | ||
| 260 |
_aParis : _bArthème Fayard, _c1948 ( _fFirmin Didot) |
||
| 300 |
_a719 p. ; _c19 cm. |
||
| 490 | 1 |
_aLes grandes études historiques. Histoire de l'église du Christ ; _v1 |
|
| 500 | _aÍndices. | ||
| 504 | _aBibliografía. | ||
| 650 | 4 |
_aHistoria eclesiástica- _yS.I-VI. _913402 |
|
| 830 | 0 | 4 |
_aLes grandes études historiques _v1 _9184869 |
| 852 | 4 |
_aES-MaACL _jE-12352 _9R.140504 _z- Biblioteca Jacinto Martínez Lacalle |
|
| 999 |
_c169869 _d169869 |
||